Agroforestry in sustainable agricultural systems / (Registro nro. 1831)

Detalles MARC
000 -CABECERA
Campo de control 01070nam a2200313 a 4500
005 - FECHA Y HORA DE LA ULTIMA TRANSACCION
Campo de control 20200104041525.0
008 - ELEMENTOS DE LONGITUD FIJA—INFORMACION GENERAL
Campo de control 140303b1999 wauad|||r|||| 00| 0 eng d
040 ## - FUENTE DE CATALOGACIÓN
Agencia catalogadora original CO-BoIAVH
Agencia transcriptora CO-BoIAVH
041 ## - IDIOMA
Código de idioma para texto/pista de sonido o título separado Inglés
044 ## - PAÍS DE PUBLICACIÓN
País de publicación Estados Unidos
082 00 - NUMERO DE CLASIFICACION DECIMAL DEWEY
Número de clasificación 634.99
Número del ítem A28s
245 00 - MENCION DE TITULO
Título Agroforestry in sustainable agricultural systems /
Mención de responsabilidad editado por Louise E. Buck, James P. Lassoie y Ercik C.M. Fernandes
260 ## - PUBLICACION, DISTRIBUCION, ETC. (PIE DE IMPRENTA)
Lugar de publicación, distribución, etc. Washington :
Nombre del editor, distribuidor, etc. Lewis Publishers,
Fecha de publicación, distribución, etc. 1999.
300 ## - DESCRIPCION FISICA
Extensión 416 páginas :
Otros detalles físicos ilustraciones y tablas ;
Dimensiones 26 x 18 cm.
490 0# - MENCION DE SERIE
Mención de serie Advances in agroecology
500 ## - NOTA GENERAL
Nota general Incluye índice.
504 ## - NOTA DE BIBLIOGRAFIA, ETC.
Nota de bibliografía Incluye referencias bibliográficas.
650 16 - ASIENTO SECUNDARIO DE MATERIA - TERMINO TEMATICO
Término temático o nombre geográfico como elemento de entrada Agroforesteria
9 (RLIN) 476
650 26 - ASIENTO SECUNDARIO DE MATERIA - TERMINO TEMATICO
Término temático o nombre geográfico como elemento de entrada Agricultura
9 (RLIN) 304
650 26 - ASIENTO SECUNDARIO DE MATERIA - TERMINO TEMATICO
Término temático o nombre geográfico como elemento de entrada Agroecosistemas
9 (RLIN) 70998
650 26 - ASIENTO SECUNDARIO DE MATERIA - TERMINO TEMATICO
Término temático o nombre geográfico como elemento de entrada Nutrientes
9 (RLIN) 3504
650 26 - ASIENTO SECUNDARIO DE MATERIA - TERMINO TEMATICO
Término temático o nombre geográfico como elemento de entrada Fauna
9 (RLIN) 70999
650 26 - ASIENTO SECUNDARIO DE MATERIA - TERMINO TEMATICO
Término temático o nombre geográfico como elemento de entrada Sistemas agrosilvopascícolas
9 (RLIN) 71000
650 26 - ASIENTO SECUNDARIO DE MATERIA - TERMINO TEMATICO
Término temático o nombre geográfico como elemento de entrada Gestión de plagas
9 (RLIN) 71001
700 1# - ASIENTO SECUNDARIO - NOMBRE PERSONAL
Nombre personal Buck, Louise
Término de relación editor
9 (RLIN) 13304
700 1# - ASIENTO SECUNDARIO - NOMBRE PERSONAL
Nombre personal Lassoie, James P.
Término de relación editor
9 (RLIN) 13310
700 1# - ASIENTO SECUNDARIO - NOMBRE PERSONAL
Nombre personal Fernandes, Erick C. M.
Término de relación editor
9 (RLIN) 13311
942 ## - ELEMENTOS ADICIONALES (KOHA)
Tipo de ítem Libro
Sistema de clasificación Dewey Decimal Classification
Existencias
Withdrawn status Lost status Sistema de Clasificación Damaged status No para préstamo Colección Inventariado Ubicación Permanente Ubicación actual Fecha de adquisición Fuente de Valor Valor Total Checkouts Número topográfico Inventario / Código de Barras Date last seen Ejemplar Price effective from Forma de adquisición Tipo de material
    Dewey Decimal Classification     General Inventariado 2017 Sala Fabio Quevedo Sala Fabio Quevedo 24/01/2001 www.amazom.com 39000.00   LB-634.99 A28s 002290 04/12/2012 Ej. 1 04/12/2012 Compra Libro